| 000 | 00777cam a2200229 4500 | ||
|---|---|---|---|
| 008 | 000000n2000 000 0 eng u | ||
| 020 | _a1902375335 | ||
| 035 | _a(Sirsi) u100058 | ||
| 041 | _aeng | ||
| 050 | _a336.39 | ||
| 100 | _aHickman, David | ||
| 245 | _aPFI and construction contracts: a commercial guide | ||
| 260 |
_aOxford _bChandos Publishing Limited _c2000 |
||
| 300 | _axv,93p. ; 28cm | ||
| 350 | _a59.95 | ||
| 520 | _aSeeks to provide a practical introduction and guide to more important areas of PFI projects from viewpoint of the construction company. | ||
| 650 | _aBUILT ENVIRONMENT-BUILDING CONTRACT FORMS | ||
| 650 | _aPFI | ||
| 650 | _aPRIVATE FINANCE INITIATIVE | ||
| 690 | _aMANAGEMENT-BUSINESS MANAGEMENT-FINANCIAL MANAGEMENT | ||
| 942 | _n0 | ||
| 999 |
_c99567 _d99567 |
||